000 00601nab a2200157 4500
003 ES-SlBCS
005 20210327231221.0
008 150722s2015 po ||||| |||| 00| 0 por d
040 _aES-SlBCS
_bspa
100 1 _aCabral, Joao Paulo
_9206462
245 1 0 _aPadre Jerónimo Lobo, SJ
_b: um missionário e um naturalista no Índico
_cJoao Paulo Cabral ; Joao Manuel da Silva Martins
600 1 4 _aLobo, Jerónimo
_xCrítica e interpretación
_9408825
700 1 _aSilva Martins, Joao Manuel da
_9121511
773 0 _gVol. 180, Nº 5, 2015, págs. 465-489
_tBrotéria
_wRev100
_x0870-7618
942 _2lcc
_cAR
999 _c853271
_d853271